| 000 | 00537nam a2200145 i 4500 | ||
|---|---|---|---|
| 001 | 65690 | ||
| 003 | ES-MaACL | ||
| 007 | t| | ||
| 008 | 040120s1918 gw ||||1| ger d | ||
| 100 | 1 |
_aFuchs, Carl Johannes. _952805 |
|
| 245 | 1 | 4 |
_aDie Wohnungs und siedlungsfrage nach dem kriege _b: ein programm des kleinwohnungs und siedlungswesens / _cunter mitarleif zahlreicher fachmèanner heransgegeben von Carl Johannes Fuchs. |
| 260 |
_aStuttgart : _bW. Mener-Ilschen, _c1918. |
||
| 300 |
_aXI, 455 p. ; _c31 cm. |
||
| 852 |
_aES-MaACL _jG-5589 |
||
| 999 |
_c65690 _d65690 |
||